|
|
|
|
| LEADER |
00000nam0a2200000 4500 |
| 001 |
320940 |
| 005 |
20231102003327.0 |
| 035 |
|
|
|a (RuTPU)RU\TPU\book\346471
|
| 090 |
|
|
|a 320940
|
| 100 |
|
|
|a 20160801d1902 km y0rusy50 ca
|
| 101 |
0 |
|
|a rus
|
| 102 |
|
|
|a RU
|
| 105 |
|
|
|a a z 000zy
|
| 200 |
1 |
|
|a Общая механическая технология металлов в 4-х частях
|h Ч.1 : Металлургия железа
|f Лисянский
|
| 210 |
|
|
|a [Б. м.]
|c [Б. и.]
|d 1902
|
| 215 |
|
|
|a 277 с.
|c ил.
|
| 300 |
|
|
|a Текст в русской дореформенной орфографии
|
| 300 |
|
|
|a машинописное издание
|
| 606 |
1 |
|
|a Металловедение
|x Общие вопросы
|2 stltpush
|3 (RuTPU)RU\TPU\subj\42403
|9 62070
|
| 606 |
1 |
|
|a Железо
|x Металлография
|2 stltpush
|3 (RuTPU)RU\TPU\subj\10574
|9 37625
|
| 606 |
1 |
|
|a Литейное дело
|2 stltpush
|3 (RuTPU)RU\TPU\subj\40281
|9 60139
|
| 610 |
1 |
|
|a металлургия
|
| 610 |
1 |
|
|a химические свойства
|
| 610 |
1 |
|
|a физические свойства
|
| 610 |
1 |
|
|a механическая технология
|
| 610 |
1 |
|
|a литейное дело
|
| 610 |
1 |
|
|a примеси
|
| 610 |
1 |
|
|a формовка
|
| 610 |
1 |
|
|a литейные формы
|
| 610 |
1 |
|
|a тигельные печи
|
| 610 |
1 |
|
|a вагранки
|
| 610 |
1 |
|
|a ковка
|
| 610 |
1 |
|
|a ковкость
|
| 610 |
1 |
|
|a металлообработка
|
| 610 |
1 |
|
|a ковочные машины
|
| 610 |
1 |
|
|a сушила
|
| 675 |
|
|
|a 669.017
|v 4
|
| 675 |
|
|
|a 669.11
|v 4
|
| 675 |
|
|
|a 621.74
|v 4
|
| 700 |
|
1 |
|a Лисянский
|
| 801 |
|
1 |
|a RU
|b 63413507
|c 20160801
|
| 801 |
|
2 |
|a RU
|b 63413507
|c 20200929
|g RCR
|
| 942 |
|
|
|c BK
|